NFL Draft 2025 Running Backs Drafted - Statistics

General Stats
  • This quiz has been taken 75 times
  • The average score is 14 of 26
Answer Stats
Round Player Team College % Correct
1 Ashton Jeanty Raiders Boise State
100%
1 Omarion Hampton Chargers North Carolina
97%
2 Quinshon Judkins Browns Ohio State
97%
2 TreVeyon Henderson Patriots Ohio State
97%
4 Cam Skattebo Giants Arizona State
88%
2 RJ Harvey Broncos Central Florida
83%
4 Woody Marks Texans USC
73%
3 Kaleb Johnson Steelers Iowa
72%
4 Bhayshul Tuten Jaguars Virginia Tech
66%
5 Jaydon Blue Cowboys Texas
64%
7 Jacory Croskey-Merritt Commanders Arizona
58%
4 Dylan Sampson Browns Tennessee
56%
7 Kyle Monangai Bears Rutgers
56%
6 Ollie Gordon Dolphins Oklahoma State
55%
4 Trevor Etienne Panthers Georgia
50%
7 Brashard Smith Chiefs Southern Methodist
47%
6 Devin Neal Saints Kansas
39%
4 Jarquez Hunter Rams Auburn
30%
5 DJ Giddens Colts Kansas State
28%
5 Jordan James 49ers Oregon
28%
7 Phil Mafah Cowboys Clemson
25%
7 LeQuint Allen Jaguars Syracuse
23%
6 Tahj Brooks Bengals Texas Tech
23%
6 Kalel Mullings Titans Michigan
16%
7 Damien Martinez Seahawks Miami (FL)
14%
5 Robbie Ouzts Seahawks Alabama
8%
No matching quizzes found
Score Distribution
Percent of People with Each Score
Percentile by Number Answered
Your Score History
You have not taken this quiz